Dynamics of tribal polity in North east India / (Record no. 4795)
[ view plain ]
| 000 -LEADER | |
|---|---|
| fixed length control field | 00537nam a2200181 4500 |
| 003 - CONTROL NUMBER IDENTIFIER | |
| control field | GBCCL |
| 005 - DATE AND TIME OF LATEST TRANSACTION | |
| control field | 20241126110527.0 |
| 008 - FIXED-LENGTH DATA ELEMENTS--GENERAL INFORMATION | |
| fixed length control field | 180207b ||||| |||| 00| 0 eng d |
| 020 ## - INTERNATIONAL STANDARD BOOK NUMBER | |
| International Standard Book Number | 9789385756061 |
| 040 ## - CATALOGING SOURCE | |
| Transcribing agency | gbc |
| 082 ## - DEWEY DECIMAL CLASSIFICATION NUMBER | |
| Classification number | 320.095416 |
| Item number | KAR |
| 100 ## - MAIN ENTRY--PERSONAL NAME | |
| Personal name | Karbak, Gomo |
| 9 (RLIN) | 8751 |
| 245 ## - TITLE STATEMENT | |
| Title | Dynamics of tribal polity in North east India / |
| Remainder of title | Gomo Karbak and Rejir Karlo |
| 260 ## - PUBLICATION, DISTRIBUTION, ETC. | |
| Place of publication, distribution, etc. | Delhi : |
| Name of publisher, distributor, etc. | Balaji publications |
| Date of publication, distribution, etc. | 2017. |
| 300 ## - PHYSICAL DESCRIPTION | |
| Extent | 276p. |
| 650 ## - SUBJECT ADDED ENTRY--TOPICAL TERM | |
| Topical term or geographic name entry element | Tribal polity |
| Form subdivision | North east India |
| Geographic subdivision | Arunachal Pradesh |
| 9 (RLIN) | 8752 |
| 942 ## - ADDED ENTRY ELEMENTS (KOHA) | |
| Source of classification or shelving scheme | Dewey Decimal Classification |
| Koha item type | Books |
| Koha issues (borrowed), all copies | 2 |
| Withdrawn status | Lost status | Source of classification or shelving scheme | Damaged status | Not for loan | Home library | Current Library | Shelving location | Date acquired | Total checkouts | Full call number | Barcode | Date last seen | Date last checked out | Copy number | Price effective from | Koha item type |
|---|---|---|---|---|---|---|---|---|---|---|---|---|---|---|---|---|
| Dewey Decimal Classification | GRACE BIBLE COLLEGE | GRACE BIBLE COLLEGE | North East Collection | 2018-02-07 | 2 | 320.095416 KAR | 014573 | 2025-05-01 | 2024-02-17 | c.1 | 2018-02-07 | Books |